|
|
|
|
| LEADER |
00000nam0a2200000 4500 |
| 001 |
265082 |
| 005 |
20231101233905.0 |
| 010 |
|
|
|a 5746402095
|
| 035 |
|
|
|a (RuTPU)RU\TPU\book\288082
|
| 090 |
|
|
|a 265082
|
| 100 |
|
|
|a 20140624d1988 k y0rusy50 ca
|
| 101 |
0 |
|
|a rus
|
| 102 |
|
|
|a RU
|
| 105 |
|
|
|a a z 100zy
|
| 200 |
1 |
|
|a Экзогенные процессы и окружающая среда. Количественный анализ взаимодействия
|e тезисы докладов XIX Пленума Географической комиссии АН СССР
|f Академия наук СССР (АН СССР), Геоморфологическая комиссия ; Казанский государственный университет (КГУ) ; под ред. Г. П. Бутакова, А. П. Дедкова
|
| 210 |
|
|
|a Казань
|c Изд-во Казанского ун-та
|d 1988
|
| 215 |
|
|
|a 157 с.
|c ил.
|
| 606 |
1 |
|
|a Экзогенные процессы
|2 stltpush
|3 (RuTPU)RU\TPU\subj\26505
|9 50419
|
| 610 |
1 |
|
|a окружающая среда
|
| 610 |
1 |
|
|a рельефообразование
|
| 610 |
1 |
|
|a экзогенная геоморфодинамика
|
| 610 |
1 |
|
|a экзогенные геологические процессы
|
| 610 |
1 |
|
|a экзогенные чрезвычайные ситуации
|
| 610 |
1 |
|
|a отрицательное воздействие
|
| 675 |
|
|
|a 551.3(063)
|v 3
|
| 702 |
|
1 |
|a Бутаков
|b Г. П.
|4 340
|
| 702 |
|
1 |
|a Дедков
|b А. П.
|4 340
|
| 712 |
0 |
2 |
|a Академия наук СССР (АН СССР)
|b Геоморфологическая комиссия
|2 stltpush
|3 (RuTPU)RU\TPU\col\722
|
| 712 |
0 |
2 |
|a Казанский государственный университет (КГУ)
|c (1804-2010)
|2 stltpush
|3 (RuTPU)RU\TPU\col\215
|
| 712 |
1 |
2 |
|a Экзогенные процессы и окружающая среда. Количественный анализ взаимодействия
|c Географическая комиссия АН СССР
|d 19
|e Казань
|f 1988
|
| 801 |
|
1 |
|a RU
|b 63413507
|c 20140624
|
| 801 |
|
2 |
|a RU
|b 63413507
|c 20150520
|g RCR
|
| 942 |
|
|
|c BK
|